Chinese Lexical Semantics 19th Workshop, CLSW 2018, Chiayi, Taiwan, May 26–28, 2018, Revised Selected Papers /

This book constitutes the thoroughly refereed post-workshop proceedings of the 19th Chinese Lexical Semantics Workshop, CLSW 2018, held in Chiayi, Taiwan, in May 2018. The 50 full papers and 19 short papers included in this volume were carefully reviewed and selected from 150 submissions. They are o...

Full description

Corporate Author: SpringerLink (Online service)
Other Authors: Hong, Jia-Fei. (Editor, http://id.loc.gov/vocabulary/relators/edt), Su, Qi. (Editor, http://id.loc.gov/vocabulary/relators/edt), Wu, Jiun-Shiung. (Editor, http://id.loc.gov/vocabulary/relators/edt)
Language:English
Published: Cham : Springer International Publishing : Imprint: Springer, 2018.
Edition:1st ed. 2018.
Series:Lecture Notes in Artificial Intelligence ; 11173
Subjects:
Online Access:https://doi.org/10.1007/978-3-030-04015-4
LEADER 03086nam a22005655i 4500
001 978-3-030-04015-4
003 DE-He213
005 20210619125604.0
007 cr nn 008mamaa
008 181125s2018 gw | s |||| 0|eng d
020 |a 9783030040154  |9 978-3-030-04015-4 
024 7 |a 10.1007/978-3-030-04015-4  |2 doi 
050 4 |a Q334-342 
072 7 |a UYQ  |2 bicssc 
072 7 |a COM004000  |2 bisacsh 
072 7 |a UYQ  |2 thema 
082 0 4 |a 006.3  |2 23 
245 1 0 |a Chinese Lexical Semantics  |h [electronic resource] :  |b 19th Workshop, CLSW 2018, Chiayi, Taiwan, May 26–28, 2018, Revised Selected Papers /  |c edited by Jia-Fei Hong, Qi Su, Jiun-Shiung Wu. 
250 |a 1st ed. 2018. 
264 1 |a Cham :  |b Springer International Publishing :  |b Imprint: Springer,  |c 2018. 
300 |a XIV, 820 p. 2777 illus., 102 illus. in color.  |b online resource. 
336 |a text  |b txt  |2 rdacontent 
337 |a computer  |b c  |2 rdamedia 
338 |a online resource  |b cr  |2 rdacarrier 
347 |a text file  |b PDF  |2 rda 
490 1 |a Lecture Notes in Artificial Intelligence ;  |v 11173 
505 0 |a Lexical Semantics -- Applications of Natural Language Processing -- Lexical Resources -- Corpus Linguistics. 
520 |a This book constitutes the thoroughly refereed post-workshop proceedings of the 19th Chinese Lexical Semantics Workshop, CLSW 2018, held in Chiayi, Taiwan, in May 2018. The 50 full papers and 19 short papers included in this volume were carefully reviewed and selected from 150 submissions. They are organized in the following topical sections: Lexical Semantics; Applications of Natural Language Processing; Lexical Resources; Corpus Linguistics. 
650 0 |a Artificial intelligence. 
650 0 |a Chinese language. 
650 0 |a Software engineering. 
650 0 |a Information storage and retrieval. 
650 1 4 |a Artificial Intelligence.  |0 https://scigraph.springernature.com/ontologies/product-market-codes/I21000 
650 2 4 |a Chinese.  |0 https://scigraph.springernature.com/ontologies/product-market-codes/N18000 
650 2 4 |a Software Engineering.  |0 https://scigraph.springernature.com/ontologies/product-market-codes/I14029 
650 2 4 |a Information Storage and Retrieval.  |0 https://scigraph.springernature.com/ontologies/product-market-codes/I18032 
700 1 |a Hong, Jia-Fei.  |e editor.  |4 edt  |4 http://id.loc.gov/vocabulary/relators/edt 
700 1 |a Su, Qi.  |e editor.  |0 (orcid)0000-0002-4769-2812  |1 https://orcid.org/0000-0002-4769-2812  |4 edt  |4 http://id.loc.gov/vocabulary/relators/edt 
700 1 |a Wu, Jiun-Shiung.  |e editor.  |4 edt  |4 http://id.loc.gov/vocabulary/relators/edt 
710 2 |a SpringerLink (Online service) 
773 0 |t Springer Nature eBook 
776 0 8 |i Printed edition:  |z 9783030040147 
776 0 8 |i Printed edition:  |z 9783030040161 
830 0 |a Lecture Notes in Artificial Intelligence ;  |v 11173 
856 4 0 |u https://doi.org/10.1007/978-3-030-04015-4 
912 |a ZDB-2-SCS 
912 |a ZDB-2-SXCS 
912 |a ZDB-2-LNC 
950 |a Computer Science (SpringerNature-11645) 
950 |a Computer Science (R0) (SpringerNature-43710)